Carrera de mente [juego] : aniversario /

Guardado en:
Formato: Objeto Físico
Publicado: Argentina : Talleres gráficos, [1991]
Materias:
Etiquetas: Agregar Etiqueta
Sin Etiquetas, Sea el primero en etiquetar este registro!
LEADER 00787nrm a22001575g 4500
001 CEM.cems019174
008 130507s1991##################0###0#####d
005 20220829201942.0
003 CEMS
245 0 0 |a Carrera de mente [juego] :  |b aniversario /  |c Jaime Poniachik, Daniel Samoilovich Y Ruibal 
260 |a Argentina :  |b Talleres gráficos,  |c [1991] 
300 |a 1 juego (1 tablero, 6 cuadernillos de preguntas y respuestas, 6 fichas-premio, 6 soportes de diferentes colores) ; en caja 46 x 25 x 7 cm. + instrucciones en cada cuadernillo. 
500 |a Para 2 a 6 jugadores o equipos a partir de 14 años objetivo: obtener 6 fichas-premio hexagonales, una de cada color. 
082 0 4 |a J793.73 
653 |a 1. juegos de preguntas y respuestas 
859 |a CEMS  |b BIB. CEMS - Ludoteca  |h J793.73  |i P774  |p 215.00  |t Ej.1